Introduction to Data Structures with Applications (Record no. 321839)

MARC details
000 -LEADER
fixed length control field 00477nam a2200169Ia 4500
008 - FIXED-LENGTH DATA ELEMENTS--GENERAL INFORMATION
fixed length control field 230718s9999 xx 000 0 und d
041 ## - LANGUAGE CODE
Language code of text/sound track or separate title eng
082 ## - DEWEY DECIMAL CLASSIFICATION NUMBER
Classification number 005.73
Item number TRE
100 ## - MAIN ENTRY--PERSONAL NAME
Personal name Tremblay J.P.
9 (RLIN) 121170
245 ## - TITLE STATEMENT
Title Introduction to Data Structures with Applications
250 ## - EDITION STATEMENT
Edition statement 2nd
260 ## - PUBLICATION, DISTRIBUTION, ETC. (IMPRINT)
Date of publication, distribution, etc. 2009
Name of publisher, distributor, etc. Tata Mc-Graw Hill
300 ## - PHYSICAL DESCRIPTION
Extent 861
365 ## - TRADE PRICE
Currency code Rs.
Price amount 365.00
700 ## - ADDED ENTRY--PERSONAL NAME
Personal name Tremblay J.P. & Sorenson P.G.
906 ## - LOCAL DATA ELEMENT F, LDF (RLIN)
d O:0015615-Jul-2009B:733809-Jul-2009
c IT
b 365
Holdings
Withdrawn status Lost status Damaged status Not for loan Home library Current library Date acquired Vendor Budget Code Cost, normal purchase price Bill number Total Checkouts Full call number Barcode Date last seen Discount Cost, replacement price Bill Date Koha item type Original Barcode
        Cummins College of Engineering for Women Pune Cummins College of Engineering for Women Pune 15/07/2009 Varma Book Distributors IT 292.00 7338   005.73 CCEP-BK-33046 18/07/2023 365 365.00 09/07/2009 Books 033046